00225nam a2200097Ia 4500008004100000100002500041245002400066260001300090942000700103999001700110190216s9999||||xx |||||||||||||| ||und|| aKambaranatha Ayyar E 0aOut Line Of Zoology bLongmans cBK c37321d37321